00961nam a22002057a 4500003000800000008004100008037002000049040002600069041000800095080001300103100003000116245013800146260010000284300002000384500014200404650007600546655002300622700002700645710008300672BI-BuBU160114t2014 bd ||||dr|||| 000 0 fre d bDon de l'auteur aBI-BuBUbfrecBI-BuBU0 afre a336.714.1 4autaMatakara Jean-Claude10aAnalyse de la politique de promotion des investissements au Burundi ( 1980-2012)cJean Claude Matakara ; Gilbert Niyongabo, directeur aBujumburabUniversité du Burundi, Faculté des Sciences Economiques et Administrativesc2014 aX-88 f.c30 cm. aMémoire présenté et défendu publiquement en vue de l' obtention du grade de Licencié en Sciences Economiques et Administratives 72BI-BuBUaInvestissementx Promotion ( Politique de)y1980-2012zBurundi 72BI-BuBUaMémoire1 4diraNiyongabo Gilbert aUniversité du BurundibFaculté des Sciences Economiques et Administratives